|
|
|
|
| LEADER |
00000ny a22000003n 4500 |
| 005 |
20110513135418.0 |
| 008 |
800606c19799999it tr p s 0 a0eng c |
| 022 |
|
|
|a 0034-6799
|
| 035 |
|
|
|a 5111
|
| 040 |
|
|
|a MnMULS
|d vLex
|
| 050 |
0 |
0 |
|a HC301
|b .R48
|
| 050 |
0 |
0 |
|a HG301.A1
|b R32
|
| 050 |
0 |
0 |
|a HG301.A1
|b R32
|
| 082 |
|
4 |
|a 330.945/005
|
| 090 |
|
|
|c 1889
|d 1889
|
| 245 |
0 |
0 |
|a Review of economic conditions in Italy
|h [Recurso electrn̤ico]
|
| 256 |
|
|
|a Servicio en ln̕ea
|
| 260 |
|
|
|a Roma :
|b Banco di Roma,
|
| 310 |
|
|
|a 3 no. a year,
|b 1998-
|
| 321 |
|
|
|a 2 no. a year,
|b 1994-1997
|
| 321 |
|
|
|a Three no. a year,
|b 1979-1993
|
| 506 |
1 |
|
|a Contenido solo disponible en los productos indicados
|d vLex Global
|d vLex Global (Academic Edition, excluding Law Schools)
|d vLex Global (U.S. Academic Edition, excluding Law Schools)
|
| 610 |
1 |
|
|a Italia
|x Condiciones econm̤icas
|
| 710 |
2 |
|
|a Banco di Roma
|
| 740 |
0 |
|
|a vLex Revista (Servicios en ln̕ea)
|
| 780 |
0 |
0 |
|t Review of the economic conditions in Italy
|
| 843 |
|
|
|a Electrn̤ica. Abierta
|
| 853 |
|
|
|8 1
|i (year)
|j (month)
|k (day)
|
| 856 |
4 |
0 |
|z Acceso restringido
|u http://vlex.com/account/login_ip?fuente_id=5111
|
| 942 |
|
|
|c REV
|